| 000 | 00000nam##2200000za#4500 |
| 001 | 9.579741 |
| 003 | CaOODSP |
| 005 | 20210624190715 |
| 007 | cr ||||||||||| |
| 008 | 150406|1999||||xxc|||||o f|0| 0 eng|d |
| 022 | |a1488-5387 |
| 040 | |aCaOODSP|beng |
| 043 | |an-cn--- |
| 086 | 1 |aFs97-4/2488E-PDF |
| 110 | 1 |aCanada. |bDepartment of Fisheries and Oceans. |
| 245 | 10|aAngler effort and catch in the 1997 Lower Fraser River sport fishery / |h[electronic resource]|cby V. Palermo and A.S. Thompson. |
| 260 | |aDelta - British Columbia : |bFisheries and Oceans Canada |c1999. |
| 300 | |a34p.|bfigs., references, tables |
| 490 | 1 |aCanadian manuscript report of fisheries and aquatic sciences|x1488-5387|vNo. 2488 |
| 500 | |aOn t.p.: Pacific Region, Delta, British Columbia. The catalogue number and ISSN for the print edition appear in the PDF version. |
| 546 | |a(Résumés en français) |
| 590 | |a14-10-Supp|b2014-05-08 |
| 720 | 1 |aPalermo, V. |
| 720 | 1 |aThompson, A. S. |
| 830 | #0|aCanadian manuscript report of fisheries and aquatic sciences,|x1488-5387|vNo. 2488|w(CaOODSP)9.505211 |
| 856 | 40|ahttp://publications.gc.ca|qPDF|s1438 KB|uhttps://publications.gc.ca/collections/collection_2014/mpo-dfo/Fs97-4-2488-eng.pdf|yNo. 2488 |